书目信息 |
| 题名: |
人类的永久伙伴
|
|
| 作者: | 叶于新 编 | |
| 分册: | ||
| 出版信息: | 科学普及出版社 1992.10 |
|
| 页数: | 230页 | |
| 开本: | 32开 | |
| 丛书名: | ||
| 单 册: | ||
| 中图分类: | P46-49 | |
| 科图分类: | ||
| 主题词: | 气候学 | |
| 电子资源: | ||
| ISBN: | 7-110-02606-X | |
| 000 | 00525nam0 2200193 45 | |
| 001 | 0308271053 | |
| 005 | 20030827105642.9 | |
| 010 | @a7-110-02606-X@dRMB7.50 | |
| 100 | @a20030827d1992 km y0chiy0120 ea | |
| 101 | @achi | |
| 105 | @a z 000yy | |
| 200 | 1 | @a人类的永久伙伴@Aren lei de yong jiu huo ban@f叶于新 编@Fye yu xin bian |
| 210 | @c科学普及出版社@d1992.10 | |
| 215 | @a230页@c无图表@d32开 | |
| 606 | 0 | @a气候学 |
| 690 | @aP46-49@v3 | |
| 701 | 0 | @a叶于新 @4编 |
| 801 | @aCN@b@c20030827 | |
| 905 | @aBZT@dP46-49@e21 | |
| 人类的永久伙伴/叶于新 编.-科学普及出版社,1992.10 |
| 230页:无图表;32开 |
| ISBN 7-110-02606-X:RMB7.50 |
| ● |
| 相关链接 |
|
|
|
正题名:人类的永久伙伴
索取号:P46-49/21
 
预约/预借
| 序号 | 登录号 | 条形码 | 馆藏地/架位号 | 状态 | 备注 |
| 1 | 82319 | 200471408 | 中心书库中库/ 中库041架A面3列1层22/ [索取号:P46-49/21] | 在馆 | |
| 2 | 82320 | 200471426 | 中心书库中库/ 中库041架A面3列1层19/ [索取号:P46-49/21] | 在馆 | |
| 3 | 82321 | 200471453 | 中心书库中库/ 中库041架A面3列1层21/ [索取号:P46-49/21] | 在馆 | |
| 4 | 82322 | 200471435 | 中心书库中库/ 中库041架A面3列1层18/ [索取号:P46-49/21] | 在馆 | |
| 5 | 82323 | 200471391 | 中心书库中库/ 中库041架A面3列1层20/ [索取号:P46-49/21] | 在馆 |